00511nam a2200157Ia 4500008004100000020001800041082001400059100002500073245013900098250000700237260003700244300002300281500001900304600001500323650001500338240925s9999 xx 000 0 und d a9788120347052 a658.3 LAN aKandula, Srinivas R. 0aCompetency-Based Human Resource Management: a complete text with case studies on competency mapping, modelling, assessing and applying aNA aNew Delhi:bPHI Learningc,2015. a606p.b0fOriginal aIncludes Index aManagement aManagement